
Library Catalogue

| 000 -LEADER | |
|---|---|
| fixed length control field | 01201cam a2200241 a 4500 |
| 005 - DATE AND TIME OF LATEST TRANSACTION | |
| control field | 20260519132938.0 |
| 008 - FIXED-LENGTH DATA ELEMENTS--GENERAL INFORMATION | |
| fixed length control field | 070621s2007 enka b 001 0 eng d |
| 010 ## - LIBRARY OF CONGRESS CONTROL NUMBER | |
| LC control number | 2007390970 |
| 015 ## - NATIONAL BIBLIOGRAPHY NUMBER | |
| National bibliography number | GBA686323 |
| Source | bnb |
| 016 7# - NATIONAL BIBLIOGRAPHIC AGENCY CONTROL NUMBER | |
| Record control number | 013573371 |
| Source | Uk |
| 020 ## - INTERNATIONAL STANDARD BOOK NUMBER | |
| International Standard Book Number | 9781845298746 (pbk.) |
| 082 04 - DEWEY DECIMAL CLASSIFICATION NUMBER | |
| Classification number | 338.9009 REI |
| 100 1# - MAIN ENTRY--PERSONAL NAME | |
| Personal name | Reinert, Erik S. |
| 245 10 - TITLE STATEMENT | |
| Title | How rich countries got rich... and why poor countries stay poor / |
| Statement of responsibility, etc. | Erik S. Reinert. |
| 260 ## - PUBLICATION, DISTRIBUTION, ETC. | |
| Place of publication, distribution, etc. | London : |
| Name of publisher, distributor, etc. | Constable, |
| Date of publication, distribution, etc. | 2007. |
| 300 ## - PHYSICAL DESCRIPTION | |
| Extent | xxix, 365 p. ; |
| Dimensions | 24 cm. |
| 365 ## - TRADE PRICE | |
| Price amount | RS. 1,665.00 |
| 505 ## - Contents | |
| Contents | Introduction<br/>1. Discovering types of economic theories;<br/>2. The evolution of the two different approaches;<br/>3. Emulation : how rich countries got rich;<br/>4. Globalization : the arguments in favour are also the arguments against;<br/>5. Globalization and primitivization : how the poor get even poorer;<br/>6. Explaining away failure : red herrings at the end of history;<br/>7. Palliative economics : why the millennium goals are a bad idea -<br/>8. 'Get the economic activities right', or, the lost art of creating middle-income countries; |
| 650 #0 - SUBJECT ADDED ENTRY--TOPICAL TERM | |
| Topical term or geographic name entry element | Economic history |
| 650 #0 - SUBJECT ADDED ENTRY--TOPICAL TERM | |
| Topical term or geographic name entry element | development |
| 650 #0 - SUBJECT ADDED ENTRY--TOPICAL TERM | |
| Topical term or geographic name entry element | Globalization. |
| 942 ## - ADDED ENTRY ELEMENTS (KOHA) | |
| Source of classification or shelving scheme | Dewey Decimal Classification |
| Koha item type | BOOKs |
| Withdrawn status | Lost status | Source of classification or shelving scheme | Materials specified (bound volume or other part) | Damaged status | Not for loan | Home library | Current library | Shelving location | Date acquired | Source of acquisition | Cost, normal purchase price | Total Checkouts | Full call number | Barcode | Date last seen | Price effective from | Koha item type | Public note |
|---|---|---|---|---|---|---|---|---|---|---|---|---|---|---|---|---|---|---|
| Dewey Decimal Classification | PB | NLS | NLS | General Stacks | 04/12/2025 | Purchased - Amazon.in | 1665.00 | 338.9009 REI | 40559 | 23/01/2026 | 04/12/2025 | BOOKs | Recommended by Dr. Swati Narayan |